Statistics for Biggest German Cities A-Z

Click here to take the quiz!

General Stats

  • This quiz has been taken 282 times
  • The average score is 16 of 25

Answer Stats

HintAnswer% Correct
BBerlin
100%
FFrankfurt am Main
97%
HHamburg
97%
MMünchen
96%
KKöln
95%
DDüsseldorf
94%
EEssen
87%
SStuttgart
86%
NNürnberg
85%
LLeipzig
78%
AAugsburg
66%
PPotsdam
59%
UUlm
59%
CChemnitz
55%
JJena
53%
IIngolstadt
52%
WWuppertal
52%
RRostock
51%
GGelsenkirchen
44%
XXanten
36%
ZZwickau
35%
TTrier
34%
OOberhausen
31%
QQuedlinburg
26%
VVelbert
5%

Score Distribution

Percentile by Number Answered

Percent of People with Each Score

Your Score History

You have not taken this quiz